000 00352nam a2200145Ia 4500
008 220726s9999||||xx |||||||||||||| ||und||
020 _a9788123911502
082 _a610
_bBas/E
100 _aBasu, D. K.
245 0 _aBasu-Essentials of Pharmacology
250 _aReprint
260 _aNew Delhi
_bCBS Publishers
_c2019
300 _a170
942 _cPB
999 _c36393
_d36393